000
00298nam a22001337a 4500
008
170623b xxu||||| |||| 00| 0 eng d
020
_a
9780495913092
041
_a
eng
080
_2
1ST
_a
328
100
_a
21
101
_a
SHP
245
_a
THE CHALLENGE OF DEMOCRACY
_c
JANDA,K
942
_2
udc
_c
BK
999
_c
18915
_d
18915